000 00808nam a2200253 a 4500
008
020 _a0850382335 (pbk.)
049 _aMAIN
090 _aHD6960.5.G73
100 1 _aHawkins, Kevin H.
245 1 2 _aA handbook of industrial relations practice /
_cKevin Hawkins.
260 _aLondon :
_bKogan Page,
_c1979.
300 _a251 p. ;
_c22 cm.
504 _aIncludes bibliographical references.
500 _aIncludes index.
650 0 _aLabor laws and legislation
_zGreat Britain.
650 0 _aLabor unions
_xLaw and legislation
_zGreat Britain.
650 0 _aCollective labor agreements
_zGreat Britain.
907 _a.b10053219
_b25-08-03
_c17-04-03
003
005 20230123133403.0
040 _cNUST
942 _cBOOKS
_kHD6960.5.G73
999 _c147715
_d147715